| 000 | 00596nam a22001937a 4500 | ||
|---|---|---|---|
| 005 | 20240527121150.0 | ||
| 008 | 240527b |||||||| |||| 00| 0 eng d | ||
| 020 | _a978-81-910464-1-0 | ||
| 041 | _aeng | ||
| 082 |
_29th _aPB 610 CLE B10992 _bCLE |
||
| 100 |
_aClement I _9119826 |
||
| 245 | _aNursing P. B. B. Sc. Solved Question Papers 1st Year: 2011 To 2024 | ||
| 250 | _a9th | ||
| 260 |
_aBangalore _bEMMESS Medical Pub. _c2024 |
||
| 300 |
_a1092p _bPb _c27X21cm |
||
| 365 |
_aRupaye _b1775.00 _cINR |
||
| 521 | _a1st Year PBBSc Nursing Solved Question Papers By I Clement | ||
| 942 | _cBK | ||
| 999 |
_c357976 _d357976 |
||